| 000 | 01102cam a2200325 i 4500 | ||
|---|---|---|---|
| 999 |
_c200431001 _d49212 |
||
| 003 | TR-AnTOB | ||
| 005 | 20200303132437.0 | ||
| 007 | ta | ||
| 008 | 081008s1997 tu 00001 tur | ||
| 020 | _a9751100445 | ||
| 040 |
_aTR-AnTOB _beng _erda _cTR-AnTOB _dTR-AnTOB |
||
| 041 | 1 |
_atur _heng |
|
| 050 |
_aPN6149.P5 _b.B519 1990 |
||
| 090 |
_aPN6149.P5 _b.B519 1990 |
||
| 100 | 1 |
_aBergson, Henri, _d1859-1941 _4author _940113 |
|
| 245 | 0 |
_aGülme = _bLe Rire / _cBergson ; çeviren Mustafa Şekip Tunç. |
|
| 246 | 3 | 1 | _aLe Rire |
| 264 | 1 |
_aİstanbul : _bMilli Eğitim Basımevi, _c1990. |
|
| 300 |
_a128 pages ; _c18 cm. |
||
| 336 |
_atext _btxt _2rdacontent |
||
| 337 |
_aunmediated _bn _2rdamedia |
||
| 338 |
_avolume _bnc _2rdacarrier |
||
| 490 | 0 |
_aMilli Eğitim Bakanlığı Yayınları ; _v926 _aBilim ve Kültür Eserleri Dizisi ; _v190 _aBatı Klasikleri ; _v31 |
|
| 590 | _aSn. Celil Güngör tarafından bağışlanmıştır. | ||
| 650 | 0 |
_aGülme _2etuturkob _947520 |
|
| 650 | 7 |
_aKomedi _2etuturkob _947521 |
|
| 700 | 1 |
_aTunç, Mustafa Şekip, _d1886-1958 _947519 |
|
| 942 |
_cBK _2lcc |
||